000 003460000a22001450004500
020 _a0 564 02191 1
082 0 4 _aGI CTH N382j
245 1 0 _aJoseph, il. : Kees de Kort
260 _aLondon : The Bible Societies
300 _a[ 24 P.]
440 0 _aCol. \ What the Bible Tells Us
650 1 4 _aLIteratura Infantil
001 808
942 _cLGB
999 _c48012
_d48012